Štúdium kvality tlačového zobrazenia na polymérnych materiáloch
Enregistré dans:
| Auteur principal: | |
|---|---|
| Format: | Livre |
| Langue: | anglais |
| Publié: |
Bratislava
STU FCHPT
2009
|
| Accès en ligne: | Voir à l'OPAC |
| Tags: |
Pas de tags, Soyez le premier à ajouter un tag!
|
MARC
| LEADER | 00000nam a2200000 a 4500 | ||
|---|---|---|---|
| 005 | 20260127134047.0 | ||
| 008 | 090917 2009 xo 000 0 eng d | ||
| 035 | |a vtls009950789 | ||
| 039 | 9 | |a 200909170901 |b mschk03 |c 200909170852 |d mschk03 |y 200909170805 |z mschk03 | |
| 040 | |a STUSCHK1 |b slo |c STUSCHK1 |e AACR2 | ||
| 100 | 1 | |a Dvonka, Vladimír |9 4 | |
| 245 | 1 | |a Štúdium kvality tlačového zobrazenia na polymérnych materiáloch |c Vladimír Dvonka | |
| 260 | |a Bratislava |b STU FCHPT |c 2009 | ||
| 300 | |a 129 s. |b il. |c 30 cm | ||
| 500 | |a Dizertačná práca | ||
| 500 | |a Obháj.: 15.5. 2009 | ||
| 500 | |a Fakulta chemickej a potravinárskej technológie, Odd. polygrafie a aplikovanej fotochémie | ||
| 910 | |a SCHK95 | ||
| 999 | |c 3176 |d 3176 | ||